| 000 | 01277cam a2200349 a 4500 | ||
|---|---|---|---|
| 001 | EDZ0000159995 | ||
| 003 | StDuBDS | ||
| 005 | 20161031105251.0 | ||
| 006 | m||||||||d|||||||| | ||
| 007 | cr ||||||||||| | ||
| 008 | 130912s1997 cau fo| 001|0|eng d | ||
| 020 |
_a9781483327815 (ebook) : _cNo price |
||
| 040 |
_aStDuBDS _beng _cStDuBDS _epn |
||
| 049 | _aAlfaisal Main Library | ||
| 050 | 0 |
_aQ223 _b.S248 1997 |
|
| 082 | 0 | 4 |
_a501.4 _223 |
| 245 | 0 | 0 |
_aScientific and technical communication _h[electronic resource] : _btheory, practice, and policy / _ceditor, James H. Collier, with David M. Toomey. |
| 260 |
_aThousand Oaks, Calif. : _bSAGE, _cc1997. |
||
| 300 | _a1 online resource (xvi, 415 p.) | ||
| 504 | _aIncludes bibliographical references and index. | ||
| 521 | _aSpecialized. | ||
| 588 | _aDescription based on print version record. | ||
| 650 | 0 | _aCommunication in science. | |
| 650 | 0 | _aCommunication of technical information. | |
| 655 | 7 |
_aElectronic books. _2local |
|
| 700 | 1 | _aCollier, James H. | |
| 700 | 1 | _aToomey, David M. | |
| 710 | 2 | _aSage eBooks | |
| 776 | 0 | 8 |
_iPrint version : _z9780761903208 |
| 856 | 4 | 0 | _uhttp://ezproxy.alfaisal.edu/login?url=http://sk.sagepub.com/books/scientific-and-technical-communication |
| 942 |
_2lcc _cEBOOKS |
||
| 999 |
_c483088 _d483088 |
||